Labour market studies. Austria /
Saved in:
| Corporate Authors: | , , |
|---|---|
| Format: | Book |
| Language: | English |
| Published: |
Luxembourg : Lanham :
Office for the Official Publications of the European Union ; Bernan Associates [distributor],
1997.
|
| Series: | Employment & social affairs. Employment & labour market ;
no. 1. |
| Subjects: | |
| Tags: |
Add Tag
No Tags, Be the first to tag this record!
|
| LEADER | 01728nam a2200361 a 4500 | ||
|---|---|---|---|
| 001 | 007726543-2 | ||
| 005 | 20020606104010.5 | ||
| 008 | 980331s1997 lu a b i000 0 eng d | ||
| 020 | |a 928278746X | ||
| 035 | 0 | |a ocm36552345 | |
| 035 | 1 | |a MAHL98B398 | |
| 035 | 1 | |z NJPG97B27351 | |
| 040 | |c PSt |d CStRLIN |d MH-L | ||
| 043 | |a e-au--- | ||
| 050 | 1 | 4 | |a HD5771 |b .L33x 1997 |
| 245 | 0 | 0 | |a Labour market studies. |p Austria / |c by L&R Sozialforschung and ECOTEC Research and Consulting Ltd. |
| 260 | |a Luxembourg : |b Office for the Official Publications of the European Union ; |a Lanham : |b Bernan Associates [distributor], |c 1997. | ||
| 300 | |a ix, 183 p. : |b ill. ; |c 30 cm. | ||
| 490 | 1 | |a Employment & social affairs. Series ; Employment & labour market ; |v no. 1 | |
| 500 | |a "Prepared for the use of the European Commission, Directorate-General for Employment, Industrial Relations and Social Affairs." | ||
| 500 | |a "October 1996." | ||
| 500 | |a "DOC"--Cover. | ||
| 500 | |a "CE-64-96-001-En-C"--P. [4] of cover. | ||
| 504 | |a Includes bibliographical references (p. 176-183). | ||
| 650 | 0 | |a Labor supply |z Austria. | |
| 650 | 0 | |a Manpower policy |z Austria. | |
| 710 | 2 | |a L&R Sozialforschung (Firm) | |
| 710 | 2 | |a ECOTEC Research and Consulting Limited. | |
| 710 | 2 | |a European Commission. |b Directorate-General for Employment, Industrial Relations, and Social Affairs. | |
| 776 | 0 | 8 | |i Online version: |a L & R Sozialforschung (Firm) |t Labour market studies. Austria. |d Luxembourg : Office for the Official Publications of the European Union ; Lanham, MD : Bernan Associates [distributor], 1997 |w (OCoLC)988743240 |
| 830 | 0 | |a Employment & social affairs. |n Series ; |p Employment & labour market ; |v no. 1. | |
| 988 | |a 20020608 | ||
| 906 | |0 RLIN | ||


